| 000 | 005240000a22001810004500 | ||
|---|---|---|---|
| 003 | MACL | ||
| 005 | 20160401164900.0 | ||
| 008 | 160401b xxu||||| |||| 00| 0 eng d | ||
| 040 |
_aMACL _cMACL |
||
| 041 | _aHindi | ||
| 082 | _a333 | ||
| 100 |
_aशर्मा एम. एल _949821 |
||
| 245 | _aपर्यावरण अध्ययन | ||
| 260 |
_bमाया प्रकाशन _c2005 _aजयपुर |
||
| 350 | _a380 | ||
| 650 |
_aOther Social Problem & Services _949822 |
||
| 942 |
_cHIN _k333 _2ddc |
||
| 999 |
_c10699 _d10699 |
||